000 01135cam a22003137a 4500
003 CHAP
005 20220817043809.0
008 010925d1999 mx ad r 00110 spa d
010 _a84718
011 _a85690
020 _a9688845523
035 _a96225
040 _cCHAP
082 0 4 _a338.162
_bB3y
100 0 0 _aBarnett, Vic.
_910274
245 1 0 _aSustentabilidad agrícola:
_bconsideraciones económicas, ambientales y estadísticas
_c/por Vic Barnett, Roger Payne y Roy Steiner
260 _aChapingo, Méx. :
_bUACH. División de Ciencias Forestales,
_c1999
300 _a266 p. :
_bilus. ; gráfs. ; laminas ; tablas ; diagrama
500 _aTraducción de: Agricultural Sustainability: economic, environmental and statistical considerations, 1995
590 _aBATCH-UPD
_b10
_c20130110
_lUCH01
_h0423
590 _aCONVERSION
_b10
_c20130109
_lUCH01
_h1347
650 1 4 _aAgricultura sustentable.
700 0 _aPayne, R. W.
_986328
700 0 _aSteiner, Roy.
_9109621
901 _aBK
905 _aMarco A. Mendoza T.
942 _cLIBRO
949 _a338.162 B3y
_bBC
_cUACH
_d962251
_eUACH
_gDonaciØn
_h101684
_i96225
_sb
999 _c84718
_d84718